[Event "Titled Tuesday intern op 24th Sep Late"]
[Site "Chess.com INT"]
[Date "2024.09.24"]
[Round "10"]
[White "Herman, Matthew J"]
[Black "Fiorito, Francisco"]
[Result "0-1"]
[WhiteElo "2383"]
[BlackElo "2416"]
[PlyCount "100"]
[EventDate "2024.09.24"]
[EventType "swiss (blitz)"]
[EventRounds "11"]
[EventCountry "USA"]
[SourceTitle "EXT 2025"]
[Source "ChessBase"]
[SourceDate "2024.10.14"]
[SourceVersion "1"]
[SourceVersionDate "2024.10.14"]
[SourceQuality "1"]

1. d4 Nf6 2. c4 b6 3. Nc3 Bb7 4. a3 d5 5. cxd5 Nxd5 6. Nf3 Nxc3 7. bxc3 e6 8. Qc2 Be7 9. e4 0-0 10. Bd3 c5 11. h4 cxd4 12. cxd4 Nc6 13. Be3 Rc8 14. Qe2 Na5 15. h5 h6 16. Rh3 Qc7 17. Rd1 Bd6 18. e5 Bxa3 19. Rg3 Kh8 20. Bxh6 gxh6 21. Qe3 Bc1 22. Nd2 f5 23. Rg6 Bxd2+ 24. Rxd2 Rf7 25. Rxe6 f4 26. Rxh6+ Kg7 27. Rg6+ Kf8 28. Qh3 Nb3 29. Rd1 Nxd4 30. Qg4 Qxe5+ 31. Kf1 Rc6 32. Rg8+ Ke7 33. Re1 Qxe1+ 34. Kxe1 Rc1+ 35. Kd2 Nb3+ 36. Ke2 f3+ 37. Ke3 Re1+ 38. Be2 Rxe2+ 39. Kd3 Nc5+ 40. Kc3 Ne4+ 41. Kb4 a5+ 42. Ka3 Nd6 43. Qg5+ Kd7 44. Qd8+ Kc6 45. Rg6 Rd7 46. Qf6 Kc7 47. Qf4 b5 48. h6 b4+ 49. Kb3 Bd5+ 50. Ka4 Ra2# 0-1

[Event "Titled Tuesday intern op 24th Sep Early"]
[Site "Chess.com INT"]
[Date "2024.09.24"]
[Round "4"]
[White "Herman, Matthew J"]
[Black "Kobalia, Mihail"]
[Result "0-1"]
[WhiteElo "2383"]
[BlackElo "2543"]
[PlyCount "118"]
[EventDate "2024.09.24"]
[EventType "swiss (blitz)"]
[EventRounds "11"]
[EventCountry "USA"]
[SourceTitle "EXT 2025"]
[Source "ChessBase"]
[SourceDate "2024.10.14"]
[SourceVersion "1"]
[SourceVersionDate "2024.10.14"]
[SourceQuality "1"]

1. d4 d5 2. c4 c6 3. cxd5 cxd5 4. Bf4 e6 5. Nc3 Bd6 6. Bg3 Ne7 7. e3 Qb6 8. Bxd6 Qxd6 9. Rc1 Bd7 10. Bd3 Nbc6 11. f4 0-0 12. Nf3 Rfc8 13. 0-0 f6 14. Kh1 Be8 15. Nh4 a6 16. Qg4 b5 17. Rf3 Nb4 18. Rg3 g6 19. Bb1 Rc7 20. Rd1 Rac8 21. e4 Qd7 22. e5 f5 23. Qg5 Rc4 24. Rh3 Nec6 25. Nf3 Qe7 26. Qh6 Qg7 27. Qh4 Nd8 28. Ng5 R4c7 29. Qf2 h6 30. Nf3 Nf7 31. Rg1 h5 32. Rg3 Nc6 33. Nh4 Nh6 34. h3 Nd8 35. Bd3 b4 36. Ne2 a5 37. Rg5 Qh7 38. Qf3 Rg7 39. Kh2 Ndf7 40. Rg3 g5 41. fxg5 Nxg5 42. Qe3 Ne4 43. Bxe4 dxe4 44. Nf4 Ng4+ 45. hxg4 hxg4 46. Rf1 Qxh4+ 47. Kg1 Rh7 48. Nxe6 Qh2+ 49. Kf2 Rc2+ 50. Ke1 Rh5 51. d5 Rxg2 52. Rxg2 Qxg2 53. d6 Bb5 54. Rg1 Qf3 55. Qxf3 exf3 56. Nf4 Rh2 57. Rf1 Bxf1 58. Kxf1 g3 59. Nh3 Rh1+ 0-1

[Event "Titled Tuesday intern op 24th Sep Early"]
[Site "Chess.com INT"]
[Date "2024.09.24"]
[Round "3"]
[White "Herman, Matthew J"]
[Black "Troltenier, Dirk"]
[Result "1-0"]
[WhiteElo "2383"]
[BlackElo "2174"]
[PlyCount "31"]
[EventDate "2024.09.24"]
[EventType "swiss (blitz)"]
[EventRounds "11"]
[EventCountry "USA"]
[SourceTitle "EXT 2025"]
[Source "ChessBase"]
[SourceDate "2024.10.14"]
[SourceVersion "1"]
[SourceVersionDate "2024.10.14"]
[SourceQuality "1"]

1. d4 Nf6 2. c4 e6 3. Nc3 Bb4 4. e3 c5 5. a3 Bxc3+ 6. bxc3 d6 7. Bd3 Nc6 8. Ne2 e5 9. d5 Ne7 10. e4 Ng6 11. h3 0-0 12. 0-0 Nh5 13. Kh2 Qh4 14. Ng1 Nf6 15. g3 Qh5 16. Be2 1-0

[Event "Titled Tuesday intern op 17th Sep Late"]
[Site "Chess,com INT"]
[Date "2024.09.17"]
[Round "4"]
[White "Herman, Matthew J"]
[Black "Barredo, Ruther"]
[Result "1-0"]
[WhiteElo "2383"]
[BlackElo "1816"]
[PlyCount "147"]
[EventDate "2024.09.17"]
[EventType "swiss (blitz)"]
[EventRounds "11"]
[EventCountry "USA"]
[SourceTitle "EXT 2025"]
[Source "ChessBase"]
[SourceDate "2024.10.14"]
[SourceVersion "1"]
[SourceVersionDate "2024.10.14"]
[SourceQuality "1"]

1. d4 Nf6 2. c4 g6 3. f3 Bg7 4. e4 d6 5. Ne2 0-0 6. Be3 a6 7. Nec3 c6 8. a4 a5 9. Nd2 Na6 10. Nb3 Nd7 11. h4 e5 12. d5 Ndc5 13. Nxc5 Nxc5 14. h5 Qe7 15. g4 Bf6 16. hxg6 fxg6 17. Bh6 Bh4+ 18. Kd2 Bg5+ 19. Kc2 Bxh6 20. Rxh6 Rxf3 21. Qxf3 Qg5 22. Qh3 Bxg4 23. Qh4 Qxh4 24. Rxh4 h5 25. Be2 Bd7 26. Rg1 Kf7 27. Rh2 Rh8 28. Rf2+ Kg7 29. Rfg2 Rh6 30. dxc6 bxc6 31. Rd1 Nb7 32. c5 h4 33. cxd6 h3 34. Rg3 h2 35. Rh1 Nxd6 36. Rg2 Be6 37. Rgxh2 Rxh2 38. Rxh2 g5 39. Kd3 Nc4 40. Bd1 Nd6 41. b3 Bf7 42. Ke3 Bg6 43. Be2 Bf7 44. Bd1 Be6 45. Nb1 Nb7 46. Nd2 Nc5 47. Rg2 Kf6 48. Bc2 g4 49. Kf2 Kg5 50. Kg3 Bd7 51. Rh2 Ne6 52. Bd1 Nf4 53. Rh8 Be6 54. Rf8 Nh5+ 55. Kf2 g3+ 56. Kg2 Bg4 57. Rg8+ Kf4 58. Rxg4+ Ke3 59. Nf1+ Kd4 60. Nxg3 Nf4+ 61. Rxf4 exf4 62. Ne2+ Kxe4 63. Nc1 Ke3 64. Kf1 Kd2 65. Ne2 Kxd1 66. Nd4 Kd2 67. b4 axb4 68. a5 c5 69. Nb3+ Kc3 70. Nxc5 b3 71. Nxb3 Kb4 72. a6 Kxb3 73. a7 Kc3 74. a8Q 1-0

[Event "Titled Tuesday intern op 17th Sep Late"]
[Site "Chess,com INT"]
[Date "2024.09.17"]
[Round "3"]
[White "Playa, Marcelo"]
[Black "Herman, Matthew J"]
[Result "1-0"]
[WhiteElo "2376"]
[BlackElo "2383"]
[PlyCount "39"]
[EventDate "2024.09.17"]
[EventType "swiss (blitz)"]
[EventRounds "11"]
[EventCountry "USA"]
[SourceTitle "EXT 2025"]
[Source "ChessBase"]
[SourceDate "2024.10.14"]
[SourceVersion "1"]
[SourceVersionDate "2024.10.14"]
[SourceQuality "1"]

1. e4 c5 2. Nf3 d6 3. d4 cxd4 4. Nxd4 Nf6 5. Nc3 a6 6. Bg5 Nbd7 7. f4 h6 8. Bh4 g6 9. Qf3 Qc7 10. 0-0-0 Bg7 11. g4 e5 12. Nb3 exf4 13. Bxf6 Nxf6 14. Qxf4 Bxg4 15. Rxd6 Qe7 16. e5 h5 17. exf6 Qe1+ 18. Nd1 0-0 19. fxg7 Rfd8 20. Bc4 1-0

[Event "Titled Tuesday intern op 17th Sep Early"]
[Site "Chess,com INT"]
[Date "2024.09.17"]
[Round "8"]
[White "Royal, Shreyas"]
[Black "Herman, Matthew J"]
[Result "1-0"]
[WhiteElo "2519"]
[BlackElo "2383"]
[PlyCount "59"]
[EventDate "2024.09.17"]
[EventType "swiss (blitz)"]
[EventRounds "11"]
[EventCountry "USA"]
[SourceTitle "EXT 2025"]
[Source "ChessBase"]
[SourceDate "2024.10.14"]
[SourceVersion "1"]
[SourceVersionDate "2024.10.14"]
[SourceQuality "1"]

1. e4 c5 2. Nf3 d6 3. d4 cxd4 4. Nxd4 Nf6 5. Nc3 a6 6. Be2 e5 7. Nb3 Be7 8. g4 h6 9. Be3 b5 10. a4 b4 11. Nd5 Nbd7 12. Nxb4 Bb7 13. f3 a5 14. Nd5 Nxd5 15. exd5 Bh4+ 16. Kf1 0-0 17. Kg2 f5 18. h3 e4 19. f4 g5 20. Rf1 gxf4 21. Bxf4 Ne5 22. Nd4 fxg4 23. Ne6 gxh3+ 24. Kxh3 Bc8 25. Bxe5 Bxe6+ 26. dxe6 dxe5 27. Bc4 Qg5 28. e7+ Kh7 29. exf8N+ Rxf8 30. Qd7+ 1-0

[Event "Titled Tuesday intern op 10th Sep Early"]
[Site "Chess,com INT"]
[Date "2024.09.10"]
[Round "2"]
[White "Herman, Matthew J"]
[Black "Goldin, Roman"]
[Result "1-0"]
[WhiteElo "2383"]
[BlackElo "2288"]
[PlyCount "83"]
[EventDate "2024.09.10"]
[EventType "swiss (blitz)"]
[EventRounds "11"]
[EventCountry "USA"]
[SourceTitle "EXT 2025"]
[Source "ChessBase"]
[SourceDate "2024.10.14"]
[SourceVersion "1"]
[SourceVersionDate "2024.10.14"]
[SourceQuality "1"]

1. e4 Nc6 2. Nf3 e5 3. Bb5 a6 4. Ba4 Nf6 5. 0-0 Be7 6. Re1 d6 7. c3 Bg4 8. h3 Bh5 9. d3 Nd7 10. Nbd2 Nc5 11. Bc2 Ne6 12. Nf1 Bg5 13. Ne3 0-0 14. b4 Qd7 15. Bb3 Nf4 16. Kh2 Bxf3 17. Qxf3 Nxd3 18. Rd1 Nxc1 19. Raxc1 Kh8 20. Rc2 Bxe3 21. Qxe3 f5 22. f3 Rf6 23. a4 Raf8 24. b5 axb5 25. axb5 Na5 26. Ba4 b6 27. c4 fxe4 28. fxe4 Qf7 29. c5 dxc5 30. Rd5 Qh5 31. Qg3 Rg6 32. Qxe5 Qxe5+ 33. Rxe5 Rd6 34. Rf2 Rfd8 35. Rf7 h6 36. Ree7 Rg6 37. g4 Rd2+ 38. Kg3 Rd3+ 39. Kh4 c4 40. e5 c3 41. Re8+ Kh7 42. Bc2 1-0

[Event "Titled Tuesday intern op 27th Aug Early"]
[Site "Chess.com INT"]
[Date "2024.08.27"]
[Round "11"]
[White "Antal, Gergely"]
[Black "Herman, Matthew J"]
[Result "1-0"]
[WhiteElo "2557"]
[BlackElo "2383"]
[PlyCount "131"]
[EventDate "2024.08.27"]
[EventType "swiss (blitz)"]
[EventRounds "11"]
[EventCountry "USA"]
[SourceTitle "EXT 2025"]
[Source "ChessBase"]
[SourceDate "2024.10.14"]
[SourceVersion "1"]
[SourceVersionDate "2024.10.14"]
[SourceQuality "1"]

1. e4 e5 2. Nf3 Nc6 3. d4 exd4 4. Nxd4 Nf6 5. Nxc6 bxc6 6. e5 Qe7 7. Qe2 Nd5 8. h4 Qe6 9. h5 h6 10. Rh3 Be7 11. c4 Bb4+ 12. Bd2 Nf4 13. Qe3 Bxd2+ 14. Nxd2 Nxh3 15. gxh3 d6 16. f4 dxe5 17. fxe5 0-0 18. 0-0-0 Re8 19. Nf3 c5 20. Qe4 Rb8 21. Bd3 f5 22. Qf4 Rb6 23. Re1 Rf8 24. Nh4 Qe8 25. Ng6 Rxg6 26. hxg6 Qxg6 27. Qe3 Qg5 28. Qxg5 hxg5 29. e6 g6 30. Re5 Re8 31. Rxc5 Re7 32. Ra5 c6 33. Rc5 Rxe6 34. Kd2 Kf7 35. b4 Bd7 36. Ra5 Kf6 37. Rxa7 Be8 38. a4 g4 39. hxg4 fxg4 40. Rh7 Kg5 41. Rh1 g3 42. a5 Kf4 43. a6 Re7 44. Re1 g2 45. Rxe7 g1Q 46. Rxe8 Qa1 47. Re4+ Kf3 48. c5 Qb2+ 49. Bc2 g5 50. Re3+ Kf4 51. Re4+ Kf3 52. a7 Qa1 53. Re3+ Kf4 54. Re7 Qa3 55. Rf7+ Kg4 56. Bf5+ Kg3 57. Be4 Qxb4+ 58. Kd3 Qb3+ 59. Kd4 Qxf7 60. a8Q Qf6+ 61. Kd3 Qe5 62. Qxc6 g4 63. Qd6 Kf4 64. Qxe5+ Kxe5 65. Bg2 g3 66. Kc4 1-0

[Event "Titled Tuesday intern op 27th Aug Early"]
[Site "Chess.com INT"]
[Date "2024.08.27"]
[Round "6"]
[White "Brancaleoni, Maurizio"]
[Black "Herman, Matthew J"]
[Result "0-1"]
[WhiteElo "2180"]
[BlackElo "2383"]
[PlyCount "58"]
[EventDate "2024.08.27"]
[EventType "swiss (blitz)"]
[EventRounds "11"]
[EventCountry "USA"]
[SourceTitle "EXT 2025"]
[Source "ChessBase"]
[SourceDate "2024.10.14"]
[SourceVersion "1"]
[SourceVersionDate "2024.10.14"]
[SourceQuality "1"]

1. Nf3 d5 2. d4 Nf6 3. c4 e6 4. g3 Bb4+ 5. Bd2 Bd6 6. Bg2 Ne4 7. 0-0 c6 8. Nc3 Nd7 9. Nxe4 dxe4 10. Ng5 f5 11. Nxe6 Qf6 12. d5 cxd5 13. cxd5 Qxb2 14. Rc1 Be5 15. Nc7+ Bxc7 16. Rxc7 0-0 17. Bc3 Qxa2 18. Qd4 Nf6 19. d6 Be6 20. Rxb7 Qxe2 21. Rxa7 Rxa7 22. Qxa7 f4 23. Qe7 Qg4 24. gxf4 Bc4 25. Re1 Be2 26. Kh1 Bf3 27. Bxf3 Qxf3+ 28. Kg1 Qxc3 29. d7 Qxe1+ 0-1

[Event "Titled Tuesday intern op 27th Aug Early"]
[Site "Chess.com INT"]
[Date "2024.08.27"]
[Round "8"]
[White "Gusev, Mikhail"]
[Black "Herman, Matthew J"]
[Result "1/2-1/2"]
[WhiteElo "2239"]
[BlackElo "2383"]
[PlyCount "76"]
[EventDate "2024.08.27"]
[EventType "swiss (blitz)"]
[EventRounds "11"]
[EventCountry "USA"]
[SourceTitle "EXT 2025"]
[Source "ChessBase"]
[SourceDate "2024.10.14"]
[SourceVersion "1"]
[SourceVersionDate "2024.10.14"]
[SourceQuality "1"]

1. d4 Nf6 2. Nf3 d5 3. c4 e6 4. g3 Bb4+ 5. Nbd2 0-0 6. Bg2 b6 7. cxd5 exd5 8. 0-0 Re8 9. Ne5 Bd6 10. Ndc4 Be7 11. Bg5 c6 12. Ne3 h6 13. Bxf6 Bxf6 14. N3g4 Be7 15. Qd3 Bd6 16. f4 Qe7 17. e4 Bxg4 18. exd5 Bxe5 19. dxe5 cxd5 20. Bxd5 Nd7 21. Bxa8 Rxa8 22. Rac1 Nc5 23. Qe3 Rd8 24. b4 Rd3 25. Qe1 Ne6 26. Rc8+ Kh7 27. Qe4+ g6 28. Qxd3 Ng7 29. Rd8 Qxb4 30. Rb8 Qc5+ 31. Kg2 Be6 32. Qd8 Bd5+ 33. Rf3 Bxf3+ 34. Kxf3 Qc6+ 35. Kf2 Qc2+ 36. Kf3 Qc6+ 37. Kg4 Qe6+ 38. Kf3 Qc6+ 1/2-1/2

[Event "Titled Tuesday intern op 27th Aug Early"]
[Site "Chess.com INT"]
[Date "2024.08.27"]
[Round "10"]
[White "Herman, Matthew J"]
[Black "Atoyan, Alberto"]
[Result "1-0"]
[WhiteElo "2383"]
[BlackElo "2117"]
[PlyCount "127"]
[EventDate "2024.08.27"]
[EventType "swiss (blitz)"]
[EventRounds "11"]
[EventCountry "USA"]
[SourceTitle "EXT 2025"]
[Source "ChessBase"]
[SourceDate "2024.10.14"]
[SourceVersion "1"]
[SourceVersionDate "2024.10.14"]
[SourceQuality "1"]

1. e4 c5 2. Nf3 d6 3. d4 cxd4 4. Nxd4 Nf6 5. Nc3 a6 6. Bc4 e6 7. a3 b5 8. Ba2 Be7 9. Qe2 Qc7 10. g4 h6 11. Bd2 Nc6 12. Nxc6 Qxc6 13. 0-0-0 Rb8 14. Rhe1 a5 15. b4 axb4 16. axb4 Bd7 17. h4 Ra8 18. Bb3 Qa6 19. Nb1 Bc6 20. f3 d5 21. g5 hxg5 22. hxg5 dxe4 23. gxf6 exf3 24. fxg7 fxe2 25. gxh8Q+ Kd7 26. Bf4+ exd1Q+ 27. Rxd1+ Bd5 28. Qd4 Rd8 29. Bxd5 exd5 30. Qxd5+ Ke8 31. Qe4 Rxd1+ 32. Kxd1 Qa1 33. c3 Qa4+ 34. Kc1 Kf8 35. Kb2 Qa7 36. Bh6+ Ke8 37. Be3 Qd7 38. Bc5 Qe6 39. Qxe6 fxe6 40. Bxe7 Kxe7 41. Kc2 Kd6 42. Kd3 Kd5 43. Nd2 e5 44. Ne4 Ke6 45. Ng3 Kd5 46. Ne4 Ke6 47. c4 bxc4+ 48. Kxc4 Kd7 49. Kd5 Kc7 50. Kxe5 Kc6 51. Nc3 Kb6 52. Kd5 Ka6 53. Kc5 Kb7 54. b5 Ka7 55. b6+ Kb7 56. Kb5 Kb8 57. Kc6 Ka8 58. Nb5 Kb8 59. Nd4 Ka8 60. Ne6 Kb8 61. Nc5 Ka8 62. b7+ Ka7 63. Nd7 Ka6 64. b8Q 1-0

[Event "Titled Tuesday intern op 27th Aug Early"]
[Site "Chess.com INT"]
[Date "2024.08.27"]
[Round "7"]
[White "Herman, Matthew J"]
[Black "Dong, Kyle Qiyu"]
[Result "0-1"]
[WhiteElo "2383"]
[BlackElo "1944"]
[PlyCount "92"]
[EventDate "2024.08.27"]
[EventType "swiss (blitz)"]
[EventRounds "11"]
[EventCountry "USA"]
[SourceTitle "EXT 2025"]
[Source "ChessBase"]
[SourceDate "2024.10.14"]
[SourceVersion "1"]
[SourceVersionDate "2024.10.14"]
[SourceQuality "1"]

1. e4 c5 2. Nf3 Nc6 3. Bb5 g5 4. Bxc6 dxc6 5. d3 g4 6. Nfd2 Qc7 7. Nc3 Bg7 8. Nc4 Be6 9. Ne3 h5 10. Bd2 0-0-0 11. Qe2 b5 12. f3 b4 13. Na4 Qa5 14. Nxc5 Qxc5 15. fxg4 hxg4 16. a3 b3 17. cxb3 Bxb2 18. Bb4 Qd4 19. Ra2 Bc3+ 20. Bxc3 Qxc3+ 21. Rd2 Nf6 22. 0-0 Qe5 23. g3 Qd4 24. Rf4 Bxb3 25. Rb2 Be6 26. Rd2 Kc7 27. Kg2 Rb8 28. Nc2 Qc3 29. d4 Bc4 30. Qd1 Rb2 31. Rff2 Nxe4 32. Qxg4 Nxd2 33. Qf4+ Kb7 34. Ne3 Qd3 35. Nxc4 Qxc4 36. Rxd2 Rxd2+ 37. Qxd2 Qd5+ 38. Kg1 Kc7 39. Qb4 Qe4 40. Qa5+ Kd6 41. Qc5+ Ke6 42. Qxa7 Qe3+ 43. Kf1 Qf3+ 44. Ke1 Rxh2 45. d5+ Kf6 46. Qd4+ Kg6 0-1

[Event "Titled Tuesday intern op 13th Aug Late"]
[Site "Chess.com INT"]
[Date "2024.08.13"]
[Round "2"]
[White "Daroczi, Donat"]
[Black "Herman, Matthew J"]
[Result "1-0"]
[WhiteElo "2135"]
[BlackElo "2383"]
[PlyCount "59"]
[EventDate "2024.08.13"]
[EventType "swiss (blitz)"]
[EventRounds "11"]
[EventCountry "USA"]
[SourceTitle "EXT 2025"]
[Source "ChessBase"]
[SourceDate "2024.10.14"]
[SourceVersion "1"]
[SourceVersionDate "2024.10.14"]
[SourceQuality "1"]

1. Nf3 d5 2. g3 Nf6 3. Bg2 c5 4. 0-0 Nc6 5. d4 e6 6. b3 cxd4 7. Bb2 e5 8. c3 dxc3 9. Nxc3 d4 10. Nb5 Bc5 11. Rc1 Bb6 12. Ba3 Be6 13. Nd6+ Kd7 14. Rxc6 bxc6 15. Nxe5+ Kc7 16. Nxc6 Qxd6 17. Bxd6+ Kxd6 18. Qd2 Rac8 19. Qf4+ Kd7 20. Rd1 Rxc6 21. Bxc6+ Kxc6 22. Rc1+ Kd7 23. Qg5 Rg8 24. Qb5+ Ke7 25. a4 Ra8 26. a5 Rb8 27. axb6 Rxb6 28. Rc7+ Kd8 29. Qc5 Rxb3 30. Qe7# 1-0

[Event "Titled Tuesday intern op 13th Aug Late"]
[Site "Chess.com INT"]
[Date "2024.08.13"]
[Round "4"]
[White "Gerbelli Neto, Eduardo"]
[Black "Herman, Matthew J"]
[Result "0-1"]
[WhiteElo "2114"]
[BlackElo "2383"]
[PlyCount "62"]
[EventDate "2024.08.13"]
[EventType "swiss (blitz)"]
[EventRounds "11"]
[EventCountry "USA"]
[SourceTitle "EXT 2025"]
[Source "ChessBase"]
[SourceDate "2024.10.14"]
[SourceVersion "1"]
[SourceVersionDate "2024.10.14"]
[SourceQuality "1"]

1. e4 e5 2. Nf3 Nc6 3. Nc3 Nf6 4. d4 exd4 5. Nd5 Nb4 6. Bc4 Nbxd5 7. exd5 Bb4+ 8. Kf1 c5 9. d6 0-0 10. Bg5 h6 11. Bh4 b5 12. Bxb5 Qb6 13. Bxf6 Qxb5+ 14. Kg1 gxf6 15. Nh4 c4 16. Qxd4 Qc5 17. Qe4 Qg5 18. Nf5 Bb7 19. Ne7+ Kh8 20. Qxb7 Bxd6 21. h4 Qe5 22. Rh3 Qxe7 23. Re3 Be5 24. Qf3 Qc5 25. Kh1 d5 26. Qh5 Kh7 27. Qf5+ Kg7 28. Rf3 Qd4 29. Re1 Qxh4+ 30. Kg1 Rae8 31. Rh3 Qg5 0-1

[Event "Titled Tuesday intern op 13th Aug Late"]
[Site "Chess.com INT"]
[Date "2024.08.13"]
[Round "3"]
[White "Herman, Matthew J"]
[Black "Hoffmann, Asa"]
[Result "1-0"]
[WhiteElo "2383"]
[BlackElo "2185"]
[PlyCount "71"]
[EventDate "2024.08.13"]
[EventType "swiss (blitz)"]
[EventRounds "11"]
[EventCountry "USA"]
[SourceTitle "EXT 2025"]
[Source "ChessBase"]
[SourceDate "2024.10.14"]
[SourceVersion "1"]
[SourceVersionDate "2024.10.14"]
[SourceQuality "1"]

1. c4 Nf6 2. b3 d6 3. f4 e5 4. fxe5 dxe5 5. Bb2 Nc6 6. Nc3 Bf5 7. d3 Bc5 8. Nf3 Ng4 9. e4 Bg6 10. Na4 Bf2+ 11. Kd2 Bh4 12. Nxh4 Qxh4 13. Qf3 0-0-0 14. g3 Qg5+ 15. Ke1 h5 16. h3 Nh6 17. Be2 Rhf8 18. g4 hxg4 19. hxg4 Qe7 20. Bc3 Nd4 21. Bxd4 Rxd4 22. Nc3 c6 23. Kd2 Rfd8 24. Kc2 Qb4 25. Rad1 a5 26. g5 Ng8 27. Rh8 Ne7 28. Rxd8+ Rxd8 29. Qe3 Kb8 30. Kb2 Qd6 31. a3 Nc8 32. c5 Qe7 33. Na4 Rd4 34. Rg1 Qd8 35. Rg3 Ne7 36. Qc1 1-0

[Event "Titled Tuesday intern op 13th Aug Late"]
[Site "Chess.com INT"]
[Date "2024.08.13"]
[Round "6"]
[White "Herman, Matthew J"]
[Black "Pershin, Denis"]
[Result "0-1"]
[WhiteElo "2383"]
[BlackElo "2358"]
[PlyCount "72"]
[EventDate "2024.08.13"]
[EventType "swiss (blitz)"]
[EventRounds "11"]
[EventCountry "USA"]
[SourceTitle "EXT 2025"]
[Source "ChessBase"]
[SourceDate "2024.10.14"]
[SourceVersion "1"]
[SourceVersionDate "2024.10.14"]
[SourceQuality "1"]

1. d4 d5 2. c4 dxc4 3. Nf3 Nf6 4. e3 Bg4 5. Bxc4 e6 6. h3 Bh5 7. Nbd2 Nc6 8. a3 Bd6 9. b4 0-0 10. Bb2 Re8 11. b5 Na5 12. Bd3 c5 13. e4 cxd4 14. e5 Bxe5 15. g4 Qd5 16. gxh5 Bf4 17. Qa4 Bxd2+ 18. Nxd2 Qxh1+ 19. Ke2 Qxh3 20. Qxa5 Qxh5+ 21. f3 Nd5 22. Bxd4 Nf4+ 23. Ke3 Nxd3 24. Kxd3 Red8 25. Ke3 Qg5+ 26. f4 Qg3+ 27. Nf3 Rxd4 28. Kxd4 Qxf3 29. Qc7 Qd5+ 30. Ke3 Rd8 31. Qc3 Qg2 32. Rc1 h5 33. Rc2 Qg3+ 34. Ke2 Qxf4 35. Qc7 Qe4+ 36. Kf2 Rd3 0-1

[Event "Titled Tuesday intern op 13th Aug Late"]
[Site "Chess.com INT"]
[Date "2024.08.13"]
[Round "5"]
[White "Herman, Matthew J"]
[Black "Silva, Lucas"]
[Result "1-0"]
[WhiteElo "2383"]
[BlackElo "2215"]
[PlyCount "115"]
[EventDate "2024.08.13"]
[EventType "swiss (blitz)"]
[EventRounds "11"]
[EventCountry "USA"]
[SourceTitle "EXT 2025"]
[Source "ChessBase"]
[SourceDate "2024.10.14"]
[SourceVersion "1"]
[SourceVersionDate "2024.10.14"]
[SourceQuality "1"]

1. d4 f5 2. Nc3 Nf6 3. Bg5 d5 4. f3 c5 5. e3 Nc6 6. Qd2 e6 7. h4 Be7 8. h5 h6 9. Bf4 Bd7 10. Bb5 a6 11. Bxc6 Bxc6 12. Nge2 c4 13. Be5 b5 14. Nf4 Qd7 15. Ng6 Rg8 16. Ne2 a5 17. Nxe7 Qxe7 18. Nf4 Kf7 19. Ng6 Qb7 20. Bf4 b4 21. Qf2 Ba4 22. Rc1 Bb5 23. Qg3 c3 24. bxc3 bxc3 25. Rb1 Qa6 26. Ne5+ Ke7 27. Qg6 Be8 28. Qg3 Rc8 29. Ng6+ Bxg6 30. Qxg6 Rc6 31. Be5 Ne8 32. Qh7 Rf8 33. Rh3 Rb6 34. Rd1 Rf7 35. Rg3 g5 36. hxg6 Rxh7 37. gxh7 Rb2 38. Rc1 Kd7 39. h8Q Qc8 40. Rg8 Qd8 41. Qh7+ Qe7 42. Qxe7+ Kxe7 43. Rh8 Nd6 44. Bxd6+ Kxd6 45. Rxh6 Rxa2 46. Ke2 Rb2 47. Kd3 Rb8 48. Kxc3 a4 49. Ra1 Ra8 50. Ra3 Ra6 51. Rh7 Rc6+ 52. Kd2 Rc4 53. Ra7 f4 54. R7xa4 fxe3+ 55. Kxe3 Rc3+ 56. Rxc3 e5 57. Ra6+ Kd7 58. dxe5 1-0

[Event "Titled Tuesday intern op 16th Jul Early"]
[Site "Chess.com INT"]
[Date "2024.07.16"]
[Round "4"]
[White "Herman, Matthew J"]
[Black "Shandrygin, Nikita"]
[Result "0-1"]
[WhiteElo "2383"]
[BlackElo "2209"]
[PlyCount "138"]
[EventDate "2024.07.16"]
[EventType "swiss (blitz)"]
[EventRounds "11"]
[EventCountry "USA"]
[SourceTitle "EXT 2025"]
[Source "ChessBase"]
[SourceDate "2024.10.14"]
[SourceVersion "1"]
[SourceVersionDate "2024.10.14"]
[SourceQuality "1"]

1. d4 d5 2. c4 Nc6 3. cxd5 Qxd5 4. e3 e5 5. Nc3 Bb4 6. Bd2 Bxc3 7. bxc3 Nf6 8. f3 0-0 9. e4 Qd6 10. Be3 b6 11. Kf2 Rd8 12. Ne2 Ba6 13. d5 Na5 14. Ng3 Bxf1 15. Qxf1 c6 16. c4 g6 17. Qe2 Nd7 18. Rhc1 Nc5 19. Kg1 Rac8 20. Bh6 f6 21. h4 Rc7 22. Rc2 Rdc8 23. Rac1 Nd7 24. h5 Nb7 25. Kh2 Nbc5 26. Rd1 cxd5 27. cxd5 Kf7 28. Rdc1 Nb8 29. Qe3 Ncd7 30. Rxc7 Rxc7 31. Rxc7 Qxc7 32. f4 Qc5 33. Qf3 Qd6 34. Qg4 Na6 35. hxg6+ hxg6 36. f5 g5 37. Qh5+ Ke7 38. Qg6 Nac5 39. Bg7 Kd8 40. Bh6 b5 41. Bxg5 Kc7 42. Bh4 a5 43. Qg4 b4 44. Qe2 Qa6 45. Qg4 a4 46. Nh5 b3 47. axb3 axb3 48. Qd1 Qc4 49. d6+ Kc6 50. Nxf6 Nxf6 51. Bxf6 Qxe4 52. d7 Nxd7 53. Be7 Qf4+ 54. g3 Qh6+ 55. Kg2 b2 56. Qc2+ Kb7 57. Qxb2+ Nb6 58. Bc5 Qc6+ 59. Kh3 Qxc5 60. g4 Qd5 61. Qb4 e4 62. f6 Kc6 63. f7 Qxf7 64. Qxe4+ Nd5 65. Qf5 Qe7 66. g5 Qe3+ 67. Kg4 Qg1+ 68. Kh5 Qh2+ 69. Kg4 Ne3+ 0-1

[Event "Titled Tuesday intern op 16th Jul Early"]
[Site "Chess.com INT"]
[Date "2024.07.16"]
[Round "3"]
[White "Onyshchuk, Volodymyr"]
[Black "Herman, Matthew J"]
[Result "1-0"]
[WhiteElo "2610"]
[BlackElo "2383"]
[PlyCount "93"]
[EventDate "2024.07.16"]
[EventType "swiss (blitz)"]
[EventRounds "11"]
[EventCountry "USA"]
[SourceTitle "EXT 2025"]
[Source "ChessBase"]
[SourceDate "2024.10.14"]
[SourceVersion "1"]
[SourceVersionDate "2024.10.14"]
[SourceQuality "1"]

1. e4 e5 2. Nf3 Nc6 3. Bc4 Nf6 4. d3 Be7 5. 0-0 0-0 6. Nbd2 d6 7. a4 a5 8. Re1 h6 9. Nf1 Re8 10. Ng3 Bf8 11. h3 Be6 12. Bb5 Bd7 13. Nh2 Ne7 14. Ng4 Nxg4 15. hxg4 c6 16. Bc4 d5 17. Bb3 g6 18. Be3 d4 19. Bd2 Qc8 20. f3 Be6 21. Kf2 Bxb3 22. cxb3 Kg7 23. Rh1 Ng8 24. Qc1 Kh7 25. Rh3 Qe6 26. Qc2 Kg7 27. Rah1 Kf6 28. g5+ hxg5 29. Rh7 Ke7 30. Bxg5+ Kd7 31. Qc4 Qxc4 32. bxc4 Ke6 33. Ne2 Nf6 34. Bxf6 Kxf6 35. f4 exf4 36. Nxf4 Bg7 37. g4 Re5 38. Ne2 Rd8 39. Ng1 Rg5 40. Kg3 Bf8 41. Nf3 Bd6+ 42. Kh3 Rc5 43. Rf1 Ke7 44. Nh4 Ke6 45. Rhxf7 b5 46. R1f6+ Ke5 47. Nxg6# 1-0